000 00299nam a2200121Ia 4500
008 140130s9999 xx 000 0 und d
245 _cMargaret Davidson
_aStory Of Thomas Alva Edison
260 _bScholastic,
_c1964
440 _v1
521 _aGrade 1 - Grade 2
942 _cBK
999 _c40280
_d40280